Periodismo médico vasco. (Record no. 128206)

MARC details
000 -LEADER
campo de control de longitud fija 00853nam a2200229 i 4500
001 - NÚMERO DE CONTROL
campo de control 128206
003 - IDENTIFICADOR DE NÚMERO DE CONTROL
campo de control ES-MaACL
005 - FECHA Y HORA DE LA ÚLTIMA TRANSACCIÓN
campo de control 20250815040440.0
007 - CAMPO FIJO DE DESCRIPCIÓN FÍSICA--INFORMACIÓN GENERAL
campo de control de longitud fija t|
008 - DATOS DE LONGITUD FIJA--INFORMACIÓN GENERAL
campo de control de longitud fija 070625s1982 sp ||||1| spa d
080 ## - NÚMERO DE LA CLASIFICACIÓN DECIMAL UNIVERSAL
Número de la Clasificación Decimal Universal 61(05)(465.1+466)(091)
100 1# - ENTRADA PRINCIPAL--NOMBRE DE PERSONA
Nombre de persona Granjel, Luis S.
9 (RLIN) 59645
245 10 - MENCIÓN DEL TÍTULO
Título Periodismo médico vasco.
Número de parte o sección de la obra , . I,
Nombre de parte o sección de la obra "Guipuzcoa médica" /
Mención de responsabilidad, etc. Luis S. Granjel.
260 ## - PUBLICACIÓN, DISTRIBUCIÓN, ETC.
Lugar de publicación, distribución, etc. Salamanca :
Nombre del editor, distribuidor, etc. Instituto de Historia de la Medicina, Universidad,
Fecha de publicación, distribución, etc. 1982.
300 ## - DESCRIPCIÓN FÍSICA
Extensión 42 p. ;
Dimensiones 22 cm.
490 1# - MENCIÓN DE SERIE
Mención de serie Estudios de Historia de la Medicina vasca ;
Designación de volumen o secuencia 7
650 14 - PUNTO DE ACCESO ADICIONAL DE MATERIA--TÉRMINO DE MATERIA
Término de materia o nombre geográfico como elemento de entrada Medicina-
Subdivisión geográfica País Vasco
9 (RLIN) 14914
710 2# - ENTRADA AGREGADA--NOMBRE DE ENTIDAD CORPORATIVA
Nombre de entidad corporativa o nombre de jurisdicción como elemento de entrada Universidad de Salamanca.
Unidad subordinada Instituto de Historia de la Medicina Española.
9 (RLIN) 7288
830 00 - PUNTO DE ACCESO ADICIONAL DE SERIE-TÍTULO UNIFORME
Título uniforme Estudios de historia de la medicina vasca
Designación de volumen o secuencia 7
9 (RLIN) 186731
852 ## - LOCALIZACIÓN
Ubicación ES-MaACL
Número de control de estantería 2120-F-27
Sublocalización o colección R.102665
Holdings
Estatus retirado Estado de pérdida Estado de daño No para préstamo Colección Biblioteca de origen Biblioteca actual Ubicación en estantería Fecha de adquisición Fuente de adquisición Total de préstamos Signatura topográfica completa Código de barras Visto por última vez Precio de reemplazo Tipo de ítem Koha
        Colección de folletos Biblioteca del Ateneo de Madrid Biblioteca del Ateneo de Madrid Depósito folletos 17/01/2008     2120-F-27 1133532 23/02/2023 23/02/2023 Folleto